An act for dividing and inclosing the open, arable, meadow, pasture, and waste grounds, in the parish of Preston upon Stower, in the county of Gloucester.

Bibliographic Details
Corporate Author: Great Britain. Parliament
Format: eBook
Language:English
Published: [London], [publisher not identified] ; [1759]
Series:Eighteenth century collections online.
Online Access:Full text online

MARC

Tag First Indicator Second Indicator Subfields
LEADER 00000cam a2200000 4500
001 in00001974591
006 m | d |
007 cr |n||||||||n
008 790922s1759 enk|||| s o00||||eng d
005 20260414191133.8
035 |a (CStRLIN)ESTCT63719 
040 |a Uk-ES  |c Uk-ES  |d CStRLIN  |d Thomson Gale  |d UtOrBLW 
110 1 |a Great Britain.  |b Parliament. 
240 1 0 |a Bills. 1759-02-01 
245 1 3 |a An act for dividing and inclosing the open, arable, meadow, pasture, and waste grounds, in the parish of Preston upon Stower, in the county of Gloucester. 
264 1 |a [London],  |b [publisher not identified] ;  |c [1759] 
300 |a 7, 1 unnumbered page ;  |c 2⁰. 
336 |a text  |b txt  |2 rdacontent 
337 |a computer  |b c  |2 rdamedia 
338 |a online resource  |b cr  |2 rdacarrier 
500 |a With a docket title. 
500 |a Enacted: Private Acts, 32 Geo.II.c.6. 
500 |a Drop-head title. 
500 |a Reproduction of original from the British Library. 
510 4 |a English Short Title Catalog,  |c ESTCT63719. 
533 |a Electronic reproduction.  |b Farmington Hills, Mich. :  |c Thomson Gale,  |d 2003.  |n Available via the World Wide Web.  |n Access limited by licensing agreements  |7 s2003 miunns 
500 |a Electronic resource. 
830 0 |a Eighteenth century collections online. 
856 4 0 |u http://proxy.library.tamu.edu/login?url=https://galenet.galegroup.com/servlet/ECCO?c=1&stp=Author&ste=11&af=BN&ae=T063719&tiPG=1&dd=0&dc=flc&docNum=CW124503952&vrsn=1.0&srchtp=a&d4=0.33&n=10&SU=0LRJ&locID=txshracd2898  |z Full text online  |t 0 
999 |a MARS 
999 f f |s d8c437f2-c008-31d1-afed-937d927216f7  |i b392dafd-b86f-3391-9e71-7b1f4a6f3f8e  |t 0 
952 f f |a Texas A&M University  |b College Station  |c Electronic Resources  |s www_evans  |d Available Online  |t 0  |h No information provided 
998 f f |t 0  |l Available Online